|
|
|
|
| LEADER |
02445nam a2200481 4500 |
| 001 |
978-3-319-50103-1 |
| 003 |
DE-He213 |
| 005 |
20191023181957.0 |
| 007 |
cr nn 008mamaa |
| 008 |
180115s2018 gw | s |||| 0|eng d |
| 020 |
|
|
|a 9783319501031
|9 978-3-319-50103-1
|
| 024 |
7 |
|
|a 10.1007/978-3-319-50103-1
|2 doi
|
| 040 |
|
|
|d GrThAP
|
| 050 |
|
4 |
|a JF197
|
| 072 |
|
7 |
|a JPS
|2 bicssc
|
| 072 |
|
7 |
|a POL011000
|2 bisacsh
|
| 072 |
|
7 |
|a JPS
|2 thema
|
| 082 |
0 |
4 |
|a 320.54
|2 23
|
| 100 |
1 |
|
|a Khan, Nyla Ali.
|e author.
|4 aut
|4 http://id.loc.gov/vocabulary/relators/aut
|
| 245 |
1 |
0 |
|a Sheikh Mohammad Abdullah's Reflections on Kashmir
|h [electronic resource] /
|c by Nyla Ali Khan.
|
| 250 |
|
|
|a 1st ed. 2018.
|
| 264 |
|
1 |
|a Cham :
|b Springer International Publishing :
|b Imprint: Palgrave Macmillan,
|c 2018.
|
| 300 |
|
|
|a XXXVI, 215 p.
|b online resource.
|
| 336 |
|
|
|a text
|b txt
|2 rdacontent
|
| 337 |
|
|
|a computer
|b c
|2 rdamedia
|
| 338 |
|
|
|a online resource
|b cr
|2 rdacarrier
|
| 347 |
|
|
|a text file
|b PDF
|2 rda
|
| 505 |
0 |
|
|a Chapter 1: Introduction -- Chapter 2: Letters -- Chapter 3: Speeches -- Chapter 4: Press -- Chapter 5: Concluding Remarks. .
|
| 520 |
|
|
|a This book is a compendium of the speeches and interviews of Sheikh Mohammad Abdullah, who reigned as Prime Minister of the State of Jammu and Kashmir from 1948 to 1953, and who was a large presence on the political landscape of India for fifty years. The volume is designed to enable a student of South Asian politics, and the politics of Kashmir in particular, to analyze the ways in which experiences have been constructed historically and have changed overtime.
|
| 650 |
|
0 |
|a Regionalism.
|
| 650 |
|
0 |
|a International organization.
|
| 650 |
|
0 |
|a Asia-Politics and government.
|
| 650 |
1 |
4 |
|a Regionalism.
|0 http://scigraph.springernature.com/things/product-market-codes/912050
|
| 650 |
2 |
4 |
|a International Organization.
|0 http://scigraph.springernature.com/things/product-market-codes/912010
|
| 650 |
2 |
4 |
|a Asian Politics.
|0 http://scigraph.springernature.com/things/product-market-codes/911110
|
| 710 |
2 |
|
|a SpringerLink (Online service)
|
| 773 |
0 |
|
|t Springer eBooks
|
| 776 |
0 |
8 |
|i Printed edition:
|z 9783319501024
|
| 776 |
0 |
8 |
|i Printed edition:
|z 9783319501048
|
| 776 |
0 |
8 |
|i Printed edition:
|z 9783319843193
|
| 856 |
4 |
0 |
|u https://doi.org/10.1007/978-3-319-50103-1
|z Full Text via HEAL-Link
|
| 912 |
|
|
|a ZDB-2-POS
|
| 950 |
|
|
|a Political Science and International Studies (Springer-41174)
|